| 000 | 00650nam a2200193Ia 4500 | ||
|---|---|---|---|
| 005 | 20250508162026.0 | ||
| 008 | 008 250505s9999 xx 000 0 eng d | ||
| 037 | _aBooks to be hide in OPAC | ||
| 040 |
_aFEDL _beng _cFEDL |
||
| 041 |
_aeng _2eng |
||
| 084 |
_a371.335, APP/O _qFEDL |
||
| 100 |
_aApple Loyal E _9772083 |
||
| 245 | 0 | _aDistance vision and perceptual training : A concept for use in the mobility training of low vision clients | |
| 260 |
_aNew York, USA _bAmerican Foundation for the Blind _c1971 |
||
| 300 | _a23p. | ||
| 700 |
_a May Marianne _9772084 |
||
| 942 |
_cHB _h371.335, APP/O |
||
| 999 |
_c1373906 _d1373906 |
||